=LDR 00000nam 2200000 4500 =001 INLIS000000000028392 =005 20210506100258 =035 ##$$a 0010-061300000028392 =008 210506################g##########0#ind## =041 ##$$a Ind =082 ##$$a 338.9 =090 ##$$a 303.4, Suj t =100 #$$a Soedjito Sosrodihardjo =245 1#$$a Transformasi sosial menuju masyarakat industri /$c Prof. Soedjito Sosrodihardjo =260 ##$$a Yogyakarta :$b Tiara Wacana Yogya,$c 1986 =300 ##$$a xiii, 146 hlm ; $c 21 x 14 cm =650 #4$$a Transformasi Sosial =850 ##$$a NBPNMAT =084 ##$$a 338.9 SOE t =504 ##$$a indeks : hlm. 143 - 146 =990 ##$$a 112.774/Pro.97 =990 ##$$a 69333 pro.94 =990 ##$$a 112.773/pro.97 =990 ##$$a 00088071